Violet in Jewel Forest / (Record no. 1922)

MARC details
000 -LEADER
fixed length control field 01214nam a22002531i 4500
003 - CONTROL NUMBER IDENTIFIER
control field Uk
005 - DATE AND TIME OF LATEST TRANSACTION
control field 20231010144748.0
020 ## - INTERNATIONAL STANDARD BOOK NUMBER
International Standard Book Number 9781407139562 (pbk.) :
Terms of availability £4.99
040 ## - CATALOGING SOURCE
Original cataloging agency StDuBDS
Language of cataloging eng
Transcribing agency StDuBDS
Modifying agency Uk
Description conventions rda
082 04 - DEWEY DECIMAL CLASSIFICATION NUMBER
Classification number 823.92
Edition number 23
100 1# - MAIN ENTRY--PERSONAL NAME
Personal name Collins, Poppy,
Relator term author.
245 10 - TITLE STATEMENT
Title Violet in Jewel Forest /
Statement of responsibility, etc. Poppy Collins.
260 ## - PUBLICATION, DISTRIBUTION, ETC.
Place of publication, distribution, etc. London :
Name of publisher, distributor, etc. Scholastic,
Date of publication, distribution, etc. 2014
300 ## - PHYSICAL DESCRIPTION
Extent 87 pages :
Other physical details illustrations ;
Dimensions 20 cm
490 0# - SERIES STATEMENT
Series statement Fashion fairy princess
500 ## - GENERAL NOTE
General note Formerly CIP.
Institution to which field applies Uk
505 ## - FORMATTED CONTENTS NOTE
Formatted contents note O
520 ## - SUMMARY, ETC.
Summary, etc. The fashion fairy princesses have been invited to the coronation of a new Pixie Tree Princess in Jewel Forest. They have great fun putting together outfits for the event. Jewel Forest is not far and the princesses fly there easily - but when they arrive, the place is in a panic. The new Pixie Tree Princess's crown has been stolen! Violet insists that the four of them journey across the twinkling treetop bridges to retrieve it. But now it is too dark for the princesses to find their way back! Violet must use her bravery and cunning to save the day.
521 ## - TARGET AUDIENCE NOTE
Target audience note 820 <br/>
Source Lexile
521 ## - TARGET AUDIENCE NOTE
Target audience note O <br/>
Source Raz-Plus
655 #0 - INDEX TERM--GENRE/FORM
Genre/form data or focus term Children's stories.
942 ## - ADDED ENTRY ELEMENTS (KOHA)
Source of classification or shelving scheme Dewey Decimal Classification
Koha item type Books
Suppress in OPAC No
999 ## -
-- 1922
-- 1922
Holdings
Withdrawn status Lost status Source of classification or shelving scheme Damaged status Not for loan Collection Home library Current library Shelving location Date acquired Total Checkouts Full call number Barcode Date last seen Date last checked out Price effective from Koha item type
    Dewey Decimal Classification     Juvenile Fiction Footprints International School Library Network Toul Kork Campus Footprints International School Library Network Toul Kork Campus A TK Campus, 4th Floor, Room B401, Fiction Bookcases (1-6) 10/10/2023 1 COL 823.92 PZ7 FISTKG4A003 10/31/2025 10/31/2025 10/10/2023 Books